Loser Like Me - Glee Cast (All Lyrics) - Statistics

General Stats
  • This quiz has been taken 179 times
  • The average score is 350 of 428
Answer Stats
Loser Like Me % Correct
a
99%
A
99%
I
99%
you
99%
You
99%
L
97%
me
97%
O
97%
S
97%
E
96%
be
95%
like
95%
Like
95%
loser
95%
R
95%
I'm
94%
that
94%
when
94%
the
92%
your
91%
And
88%
and
88%
do
88%
so
88%
So
88%
think
88%
wanna
88%
may
87%
my
87%
But
86%
car
86%
everyone
86%
go
86%
it
86%
It
86%
just
86%
Chorus Just
86%
of
86%
on
86%
can
85%
to
85%
don't
84%
Pre-Chorus All
83%
all
83%
hey
83%
Verse 3 Hey
83%
who
83%
zero
82%
ahead
81%
Verse 1 Yeah
81%
care
80%
off
80%
hate
79%
I'll
78%
take
78%
away
77%
hard
77%
hear
77%
say
77%
that's
77%
throw
77%
you'll
77%
you've
77%
Baby
76%
been
76%
screaming
76%
show
76%
way
76%
dirt
75%
look
75%
mouth
75%
name
75%
day
74%
freak
74%
know
74%
right
74%
see
74%
down
73%
in
73%
one
73%
wash
73%
throwin'
72%
with
72%
ain't
71%
Probably
71%
started
71%
up
71%
Hit
70%
change
68%
got
68%
mind
68%
run
68%
is
67%
little
67%
out
67%
locker
66%
time
66%
Cause
65%
cause
65%
give
64%
against
63%
knock
63%
Verse 2 Push
63%
shake
63%
boss
62%
gonna
61%
not
61%
back
59%
get
59%
superstar
59%
worst
59%
you're
59%
bet
58%
Keep
57%
haters
52%
figure
51%
enough
49%
soon
49%
thinkin'
49%
over
48%
there
47%
are
46%
could
46%
bout
45%
air
44%
sticks
39%
stones
35%
only
32%
watch
32%
rocket
15%
No matching quizzes found
Score Distribution
Percent of People with Each Score
Percentile by Number Answered
Your Score History
You have not taken this quiz